Rendbe hozzák a horgásztanyát
Elmentve itt :
| Szerző: | |
|---|---|
| Dokumentumtípus: | Cikk |
| Megjelent: |
1963-05-31
|
| Sorozat: | Délmagyarország
53 No. 125 |
| Kulcsszavak: | Horgászat Szeged 1963, halászat |
| Online Access: | http://dmarchiv.bibl.u-szeged.hu/68315 |
| LEADER | 00475nab a2200157 i 4500 | ||
|---|---|---|---|
| 001 | delm68315 | ||
| 005 | 20180927153758.0 | ||
| 008 | 180927s1963 hu o 0|| hun d | ||
| 040 | |a SZTE Délmagyarország Archívum |b hun | ||
| 041 | |a hun | ||
| 100 | 1 | |a Szemerédi Lajos | |
| 245 | 1 | 0 | |a Rendbe hozzák a horgásztanyát |h [elektronikus dokumentum] / |c Szemerédi Lajos |
| 260 | |c 1963-05-31 | ||
| 300 | |a 6 | ||
| 490 | 0 | |a Délmagyarország |v 53 No. 125 | |
| 695 | |a Horgászat Szeged 1963, halászat | ||